01508 2200205 4500001002100000005001500021035002000036008004100056245008700097100001800184250000600202260003800208300001200246084001400258082000800272650001000280520098800290990001201278990001201290INLIS00000000000085820240607080011 a0010-0524000093240607 1 ind 1 aOne Autum, Apakah Akan Kutemukan Kesejatian Cinta Pada Musim Gugur /cDian Agustin aAgustin, Dian a1 aYogyakarta :bSheila/ Andi,c2015 a188 hlm a813 DIA o a813 4aFiksi aANGIN musim gugur bertiup kencang, menggugurkan daun-daun kuning kemerahan dari dahannya. Angin yang mampu membuat tubuh seorang gadis bermata bulat penuh itu menggigil lantas merapatkan mantel putih yang membalut tubuh proporsionalnya. Ia berjalan santai, menyaruk setiap tumpukan daun yang ia lewati. Gadis cantik ini memang penyuka musim gugur. LILYANA MIZUKI Lili bekerja di Departemen Kebudayaan dan Pariwisata di Jepang. Pekerjaan yang seringkali memaksanya untuk keluar-masuk Negeri Sakura. Namun, siapa sangka pekerjaannya ini justru menuntunnya bertemu dengan seorang laki-laki berdarah Prancis-Jepang bernama Okta Havre? Laki-laki bertubuh tegap dengan pendar biru safir yang menawan. Apakah cinta akan menunjukkan jalannya? Dengan sebuah ketulusan, apakah cinta juga akan menemukan kesejatiannya? Ketika takdir mulai memainkan perannya, apakah juga akan mempersatukan mereka dengan kekuatan sebuah rasa bernama cinta? Kisah cinta di bawah satu musim di Kyoto, musim gugur. a0741316 a0741317